Probability theory / (Record no. 17119)
[ view plain ]
| 000 -LEADER | |
|---|---|
| fixed length control field | 00900nam a22002417a 4500 |
| 005 - DATE AND TIME OF LATEST TRANSACTION | |
| control field | 20081020153912.0 |
| 008 - FIXED-LENGTH DATA ELEMENTS--GENERAL INFORMATION | |
| fixed length control field | 081020t xxu||||| |||| 00| 0 eng d |
| 010 ## - LIBRARY OF CONGRESS CONTROL NUMBER | |
| LC control number | ENG-84156 |
| 020 ## - INTERNATIONAL STANDARD BOOK NUMBER | |
| International Standard Book Number | 8185931704 |
| 020 ## - INTERNATIONAL STANDARD BOOK NUMBER | |
| Terms of availability | 450.00 (pbk) |
| 035 ## - SYSTEM CONTROL NUMBER | |
| System control number | EN-67689 |
| 082 ## - DEWEY DECIMAL CLASSIFICATION NUMBER | |
| Classification number | 519.2 |
| 100 ## - MAIN ENTRY--PERSONAL NAME | |
| Personal name | Athreya, Krishna B |
| 245 ## - TITLE STATEMENT | |
| Title | Probability theory / |
| Statement of responsibility, etc | by Krishna B Athreya and Soumendra N Lahiri |
| 260 ## - PUBLICATION, DISTRIBUTION, ETC. (IMPRINT) | |
| Place of publication, distribution, etc | New Delhi |
| Name of publisher, distributor, etc | Hindustan Book Agency |
| Place of manufacture | P 19, Green Park Extension, New Delhi-110016 |
| 260 ## - PUBLICATION, DISTRIBUTION, ETC. (IMPRINT) | |
| Date of publication, distribution, etc | 2006 |
| 300 ## - PHYSICAL DESCRIPTION | |
| Extent | xv,416p |
| Dimensions | 23cm |
| 490 ## - SERIES STATEMENT | |
| Series statement | Texts and readings in mathematics |
| 500 ## - GENERAL NOTE | |
| General note | Includes bibliographical references and index |
| 700 ## - ADDED ENTRY--PERSONAL NAME | |
| Personal name | Lahiri, Soumendra N |
| Titles and other words associated with a name | jt auth |
| 942 ## - ADDED ENTRY ELEMENTS (KOHA) | |
| Source of classification or shelving scheme | Dewey Decimal Classification |
| Koha item type | English Books |
| Classification part | 519.2 |
| Call number suffix | ATH |
| Withdrawn status | Lost status | Source of classification or shelving scheme | Damaged status | Not for loan | Home library | Current library | Date acquired | Cost, normal purchase price | Total Checkouts | Full call number | Barcode | Date last seen | Cost, replacement price | Price effective from | Koha item type |
|---|---|---|---|---|---|---|---|---|---|---|---|---|---|---|---|
| Dewey Decimal Classification | Not For Loan | D.B.Act.Division | D.B.Act.Division | 26/02/2007 | 450.00 | 519.2 ATH | EN-67689 | 21/10/2008 | 450.00 | 21/10/2008 | English Books |
